Campañas del general D. Félix María Calleja, comandante en jefe del ejército real de operaciones llamado del centro (Record no. 175)

MARC details
000 -CABECERA
campo de control de longitud fija 01039nam a2200229 a 4500
001 - NÚMERO DE CONTROL
campo de control BRCA_214
005 - FECHA Y HORA DE LA ÚLTIMA TRANSACCIÓN
campo de control 20190320202924.0
008 - DATOS DE LONGITUD FIJA--INFORMACIÓN GENERAL
campo de control de longitud fija 890809r19881828mx-#---###---#001-0#spa-#
040 ## - FUENTE DE LA CATALOGACIÓN
Centro catalogador/agencia de origen DLC
Centro/agencia transcriptor DLC
Centro/agencia modificador DLC
050 #4 - SIGNATURA TOPOGRÁFICA DE LA BIBLIOTECA DEL CONGRESO
Número de clasificación F1226
Número de documento/Ítem .B53 1988
100 1# - ENTRADA PRINCIPAL--NOMBRE DE PERSONA
Nombre de persona Bustamante, Carlos María de
Fechas asociadas al nombre 1774-1848
9 (RLIN) 555
245 10 - MENCIÓN DE TÍTULO
Título Campañas del general D. Félix María Calleja, comandante en jefe del ejército real de operaciones llamado del centro
Mención de responsabilidad, etc. Carlos María de Bustamante ; prólogo de Ernesto Lemoine ; presentación Francisco de Antuñano Maurer.
260 ## - PUBLICACIÓN, DISTRIBUCIÓN, ETC.
Lugar de publicación, distribución, etc. México
Nombre del editor, distribuidor, etc. Biblioteca Mexicana de la Fundación Miguel Alemán
Fecha de publicación, distribución, etc. 1988
300 ## - DESCRIPCIÓN FÍSICA
Extensión 1 v. (en varias paginaciones)
Dimensiones 20 cm.
500 ## - NOTA GENERAL
Nota general Título del lomo: Campañas
500 ## - NOTA GENERAL
Nota general Facsímil de: México, 1928
500 ## - NOTA GENERAL
Nota general Incluye nota cronológica del Virrey Calleja
600 14 - PUNTO DE ACCESO ADICIONAL DE MATERIA--NOMBRE DE PERSONA
Nombre de persona Calleja del Rey, Félix María
Títulos y otros términos asociados al nombre Conde de Calderón
Fechas asociadas al nombre 1755-1828
9 (RLIN) 744
651 #4 - PUNTO DE ACCESO ADICIONAL DE MATERIA--NOMBRE GEOGRÁFICO
Nombre geográfico México
Subdivisión general Historia
Subdivisión cronológica Guerra de Independencia, 1810-1821
9 (RLIN) 745
700 1# - PUNTO DE ACCESO ADICIONAL--NOMBRE DE PERSONA
Nombre de persona Antuñano Maurer, Francisco de
9 (RLIN) 746
942 ## - ELEMENTOS DE PUNTO DE ACCESO ADICIONAL (KOHA)
Fuente del sistema de clasificación o colocación Library of Congress Classification
Tipo de ítem Koha Libros
Holdings
Estado de retiro Estado de pérdida Estado dañado No para préstamo Localización permanente Ubicación/localización actual Fecha de adquisición Total de préstamos Signatura topográfica completa Código de barras Fecha visto por última vez Precio válido a partir de Tipo de ítem Koha
El ejemplar forma parte de la colección y puede ser consultado según las políticas vigentes.       Biblioteca del Museo Franz Mayer (Rogerio Casas-Alatriste) Biblioteca del Museo Franz Mayer (Rogerio Casas-Alatriste) 25/06/2008   F1226 .B53 1988 00278 22/03/2019 22/03/2019 Libros